000
00313nam a22001457a 4500
020
_a
81-713-0328-5
082
_a
894.812
_b
FRA/A
100
_a
FRANK, ANNE
245
_a
ANN FRANKINTE DIARY KURIPPUKAL
260
_a
KOTTAYAM
_b
DC BOOKS
_c
2008
300
_a
208
520
_a
NOVEL
650
_a
NOVEL
942
_c
BK
999
_c
5383
_d
5383